Name the U. S. National Parks - Extreme - Statistics

General Stats
  • This quiz has been taken 111 times
  • The average score is 130 of 425
Answers on the Map
Answers color-coded by a green-red scale on the quiz's map according to % correct below.
 
Answer Stats
State Park Category % Correct
Texas Rio Grande National Wild and Scenic River
90%
Wyoming, Montana, Idaho Yellowstone National Park
90%
Florida Everglades National Park
88%
Arizona Grand Canyon National Park
88%
South Dakota Badlands National Park
84%
Georgia Martin Luther King Jr. National Historical Park
84%
Washington, D.C. Martin Luther King Jr. Memorial National Memorial
84%
Washington Olympic National Park
84%
California Redwood National Park
84%
Alaska Denali National Park | National Preserve
82%
Wyoming Grand Teton National Park
82%
Colorado Rocky Mountain National Park
82%
California Yosemite National Park
82%
Utah Zion National Park
82%
Maine Acadia National Park
80%
Washington, D.C. Franklin Delano Roosevelt Memorial National Memorial
80%
Washington Mount Rainier National Park
80%
Utah Arches National Park
78%
California, Nevada Death Valley National Park
78%
Virginia, Maryland, Washington, D.C. George Washington Memorial Parkway National Parkway
78%
Pennsylvania Gettysburg National Military Park
78%
Montana Glacier National Park
78%
Virginia Shenandoah National Park
78%
North Dakota Theodore Roosevelt National Park
78%
New York Theodore Roosevelt Birthplace National Historic Site
78%
New York Theodore Roosevelt Inaugural National Historic Site
78%
Washington, D.C. Theodore Roosevelt Island National Memorial
78%
New York, New Jersey Gateway National Recreation Area
76%
Tennessee, North Carolina Great Smoky Mountains National Park
76%
California Sequoia National Park
76%
Kentucky Abraham Lincoln Birthplace National Historical Park
73%
Florida Biscayne National Park
73%
Virginia Booker T. Washington National Monument
73%
Oregon Crater Lake National Park
73%
Florida Dry Tortugas National Park
73%
Indiana Lincoln Boyhood National Memorial
73%
Illinois Lincoln Home National Historic Site
73%
Washington, D.C. Lincoln Memorial National Memorial
73%
Utah Bryce Canyon National Park
71%
California Channel Islands National Park
71%
Hawaii Hawaii Volcanoes National Park
71%
California Joshua Tree National Park
71%
Washington, D.C. Washington Monument National Memorial
71%
South Dakota Wind Cave National Park
71%
Texas Big Bend National Park
69%
Ohio Cuyahoga Valley National Park
69%
Arkansas Hot Springs National Park
69%
Colorado Mesa Verde National Park
69%
South Dakota Mount Rushmore National Memorial
69%
Washington North Cascades National Park
69%
Arizona Saguaro National Park
69%
New Mexico White Sands National Park
69%
New York Home of Franklin D. Roosevelt National Historic Site
67%
Michigan Isle Royale National Park
67%
California Lassen Volcanic National Park
67%
Kentucky Mammoth Cave National Park
67%
Washington, D.C. Thomas Jefferson Memorial National Memorial
67%
Colorado Black Canyon of the Gunnison National Park
65%
Utah Canyonlands National Park
65%
New Mexico Carlsbad Caverns National Park
65%
Nevada Great Basin National Park
65%
Colorado Great Sand Dunes National Park | National Preserve
65%
Alaska Kenai Fjords National Park
65%
California Kings Canyon National Park
65%
West Virginia New River Gorge National Park and Preserve
65%
Arizona Petrified Forest National Park
65%
South Carolina Congaree National Park
63%
Indiana Indiana Dunes National Park
63%
Maryland Antietam National Battlefield
61%
Wyoming Devils Tower National Monument
61%
New York Eleanor Roosevelt National Historic Site
61%
Alaska Gates of the Arctic National Park | National Preserve
61%
Missouri Gateway Arch National Park
61%
Texas Guadalupe Mountains National Park
61%
California Pinnacles National Park
61%
Utah Capitol Reef National Park
59%
Minnesota Voyageurs National Park
59%
Alaska Glacier Bay National Park | National Preserve
57%
Idaho Craters of the Moon National Monument | National Preserve
53%
Colorado, Utah Dinosaur National Monument
53%
Alaska Lake Clark National Park | National Preserve
53%
Nevada, Arizona Lake Mead National Recreation Area
53%
Washington, D.C. Vietnam Veterans Memorial National Memorial
53%
Alaska Wrangell–St. Elias National Park | National Preserve
53%
South Carolina Fort Sumter and Fort Moultrie National Historical Park
51%
Alaska Katmai National Park | National Preserve
51%
Minnesota Mississippi National River
51%
Washington, D.C. World War II Memorial National Memorial
51%
Washington, D.C. World War I Memorial National Memorial
51%
Massachusetts Boston National Historical Park
49%
Hawaii Haleakala National Park
49%
Washington, D.C. Korean War Veterans Memorial National Memorial
49%
Virginia Manassas National Battlefield Park
49%
Washington, D.C. National Mall and Memorial Parks Other Parks
49%
New York, New Jersey Statue of Liberty National Monument
49%
Mississippi, Louisiana Vicksburg National Military Park
49%
Massachusetts Cape Cod National Seashore
47%
California Golden Gate National Recreation Area
47%
West Virginia, Virginia, Maryland Harpers Ferry National Historical Park
47%
n/a Virgin Islands National Park National Park
47%
Maryland, Virginia Assateague Island National Seashore
45%
California John Muir National Historic Site
45%
Oregon, Washington Lewis and Clark National Historical Park
45%
Mississippi Natchez National Historical Park
45%
n/a National Park of American Samoa National Park
45%
Arizona Organ Pipe Cactus National Monument
45%
14 states Appalachian Trail National Trail
43%
Maryland Fort McHenry National Monument
43%
Pennsylvania Independence National Historical Park
43%
Hawaii Pearl Harbor National Memorial
43%
Puerto Rico San Juan National Historic Site
43%
Missouri Ulysses S. Grant National Historic Site
43%
Washington, D.C. White House Other Parks
43%
Iowa Herbert Hoover National Historic Site
41%
Alaska Kobuk Valley National Park
41%
Nebraska, South Dakota Missouri National Wild and Scenic River
41%
Massachusetts Adams National Historical Park
39%
North Carolina Cape Hatteras National Seashore
39%
Colorado Colorado National Monument
39%
South Dakota Jewel Cave National Monument
39%
California Point Reyes National Seashore
39%
Pennsylvania Valley Forge National Historical Park
39%
North Carolina Wright Brothers National Memorial
39%
Wisconsin Apostle Islands National Lakeshore
37%
Virginia Appomattox Court House National Historical Park
37%
California Devils Postpile National Monument
37%
Montana Little Bighorn Battlefield National Monument
37%
Texas Lyndon B. Johnson National Historical Park
37%
Michigan Pictured Rocks National Lakeshore
37%
Minnesota Pipestone National Monument
37%
Nebraska Scotts Bluff National Monument
37%
Michigan Sleeping Bear Dunes National Lakeshore
37%
Utah Cedar Breaks National Monument
35%
Georgia, Tennessee Chickamauga and Chattanooga National Military Park
35%
Georgia Fort Pulaski National Monument
35%
Minnesota Grand Portage National Monument
35%
New York Harriet Tubman National Historical Park
35%
Georgia Jimmy Carter National Historical Park
35%
Massachusetts Minute Man National Historical Park
35%
Idaho, Montana, Oregon, Washington Nez Perce National Historical Park
35%
Oregon Oregon Caves National Monument and Preserve
35%
Missouri Ozark National Scenic Riverways National River
35%
Arkansas President William Jefferson Clinton Birthplace Home National Historic Site
35%
Virginia Richmond National Battlefield Park
35%
Tennessee Andrew Johnson National Historic Site
33%
California Muir Woods National Monument
33%
Florida Big Cypress National Preserve
31%
Virginia, North Carolina Blue Ridge Parkway National Parkway
31%
Arizona Coronado National Memorial
31%
Massachusetts John Fitzgerald Kennedy National Historic Site
31%
New York Martin Van Buren National Historic Site
31%
California Mojave National Preserve
31%
Texas San Antonio Missions National Historical Park
31%
Washington, D.C. Dwight D. Eisenhower Memorial National Memorial
29%
Delaware, Pennsylvania First State National Historical Park
29%
Washington, Oregon Fort Vancouver National Historic Site
29%
Missouri Harry S Truman National Historic Site
29%
Louisiana Jean Lafitte National Historical Park and Preserve
29%
California Lava Beds National Monument
29%
Utah Rainbow Bridge National Monument
29%
Tennessee, Mississippi Shiloh National Military Park
29%
Maryland Thomas Stone National Historic Site
29%
Florida Canaveral National Seashore
27%
Pennsylvania Eisenhower National Historic Site
27%
Wyoming Fort Laramie National Historic Site
27%
Florida Fort Matanzas National Monument
27%
Pennsylvania Fort Necessity National Battlefield
27%
Kansas Fort Scott National Historic Site
27%
Virginia George Washington Birthplace National Monument
27%
South Dakota Minuteman Missile National Historic Site
27%
Arizona Montezuma Castle National Monument
27%
Washington San Juan Island National Historical Park
27%
West Virginia Bluestone National Wild and Scenic River
24%
New Mexico Chaco Culture National Historical Park
24%
Virginia Colonial National Historical Park
24%
Kentucky, Tennessee, Virginia Cumberland Gap National Historical Park
24%
New Mexico Fort Union National Monument
24%
Utah, Arizona Glen Canyon National Recreation Area
24%
Maryland Hampton National Historic Site
24%
Wyoming John D. Rockefeller Memorial Parkway National Parkway
24%
Maryland Monocacy National Battlefield
24%
California Rosie the Riveter World War II Home Front National Historical Park
24%
New York Saratoga National Historical Park
24%
Alabama Tuskegee Airmen National Historic Site
24%
Oklahoma Washita Battlefield National Historic Site
24%
New Mexico Bandelier National Monument
22%
Massachusetts Boston Harbor Islands National Recreation Area
22%
California Cabrillo National Monument
22%
Washington, D.C., Maryland, West Virginia Chesapeake and Ohio Canal National Historical Park
22%
New Jersey, Pennsylvania Delaware Water Gap National Recreation Area
22%
Texas Fort Davis National Historic Site
22%
Arkansas, Oklahoma Fort Smith National Historic Site
22%
Montana, North Dakota Fort Union Trading Post National Historic Site
22%
Washington, D.C. Frederick Douglass National Historic Site
22%
Virginia Fredericksburg and Spotsylvania National Military Park
22%
West Virginia Gauley River National Recreation Area
22%
Idaho Hagerman Fossil Beds National Monument
22%
Oregon John Day Fossil Beds National Monument
22%
Alaska, Washington Klondike Gold Rush National Historical Park
22%
Virginia Petersburg National Battlefield
22%
Utah Timpanogos Cave National Monument
22%
California Tule Lake National Monument
22%
Texas Big Thicket National Preserve
20%
Arkansas Buffalo National River
20%
Arizona Canyon de Chelly National Monument
20%
Maryland Catoctin Mountain Park Other Parks
20%
Iowa Effigy Mounds National Monument
20%
New York Fire Island National Seashore
20%
Pennsylvania Flight 93 National Memorial
20%
Maryland Harriet Tubman Underground Railroad National Historical Park
20%
California Manzanar National Historic Site
20%
Mississippi, Alabama, Tennessee Natchez Trace Parkway National Parkway
20%
Mississippi, Alabama, Tennessee Natchez Trace Trail National Trail
20%
Arizona Navajo National Monument
20%
Louisiana New Orleans Jazz National Historical Park
20%
Texas Padre Island National Seashore
20%
New Mexico Pecos National Historical Park
20%
Washington, D.C. Rock Creek Park Other Parks
20%
Rhode Island Roger Williams National Memorial
20%
Washington Ross Lake National Recreation Area
20%
California Whiskeytown–Shasta–Trinity National Recreation Area
20%
Ohio William Howard Taft National Historic Site
20%
North Carolina Cape Lookout National Seashore
18%
Ohio First Ladies National Historic Site
18%
Virginia Fort Monroe National Monument
18%
Missouri George Washington Carver National Monument
18%
Utah Golden Spike National Historical Park
18%
Colorado, Utah Hovenweep National Monument
18%
Maine Katahdin Woods and Waters National Monument
18%
Maryland Piscataway Park Other Parks
18%
Wisconsin, Minnesota Saint Croix National Wild and Scenic River
18%
Massachusetts Salem Maritime National Historic Site
18%
Colorado Sand Creek Massacre National Historic Site
18%
California San Francisco Maritime National Historical Park
18%
New Jersey Thomas Edison National Historical Park
18%
Texas Waco Mammoth National Monument
18%
Nebraska Agate Fossil Beds National Monument
16%
Kansas, South Carolina Brown v. Board of Education National Historical Park
16%
Florida Castillo de San Marcos National Monument
16%
Oklahoma Chickasaw National Recreation Area
16%
Arizona Chiricahua National Monument
16%
South Carolina Cowpens National Battlefield
16%
California Eugene O'Neill National Historic Site
16%
Maryland Greenbelt Park Other Parks
16%
Nebraska Homestead National Historical Park
16%
Washington Lake Chelan National Recreation Area
16%
Arkansas Little Rock Central High School National Historic Site
16%
New Mexico, Tennessee, Washington Manhattan Project National Historical Park
16%
Massachusetts New Bedford Whaling National Historical Park
16%
Illinois Pullman National Historical Park
16%
California Santa Monica Mountains National Recreation Area
16%
Massachusetts Saugus Iron Works National Historic Site
16%
Pennsylvania Steamtown National Historic Site
16%
New York Stonewall National Monument
16%
Arizona Sunset Crater Volcano National Monument
16%
Arizona Tuzigoot National Monument
16%
Arizona Walnut Canyon National Monument
16%
Arizona Wupatki National Monument
16%
Georgia Andersonville National Historic Site
14%
Alabama Birmingham Civil Rights National Monument
14%
Arizona Casa Grande Ruins National Monument
14%
California Castle Mountains National Monument
14%
California César E. Chávez National Monument
14%
Idaho City of Rocks National Reserve
14%
Florida De Soto National Memorial
14%
Washington, D.C. Ford's Theatre National Historic Site
14%
Tennessee, Kentucky Fort Donelson National Battlefield
14%
New York Fort Stanwix National Monument
14%
Florida, Mississippi Gulf Islands National Seashore
14%
South Carolina Kings Mountain National Military Park
14%
North Dakota Knife River Indian Villages National Historic Site
14%
Washington Lake Roosevelt National Recreation Area
14%
Massachusetts Lowell National Historical Park
14%
Idaho Minidoka National Historic Site
14%
Arizona Pipe Spring National Monument
14%
Alaska Sitka National Historical Park
14%
Arizona Tumacácori National Historical Park
14%
Colorado Yucca House National Monument
14%
New York African Burial Ground National Monument
12%
New Mexico Aztec Ruins National Monument
12%
Colorado Bent's Old Fort National Historic Site
12%
Alaska Bering Land Bridge National Preserve
12%
Montana, Wyoming Bighorn Canyon National Recreation Area
12%
Massachusetts Boston African American National Historic Site
12%
Georgia Chattahoochee River National Recreation Area
12%
Maryland Clara Barton National Historic Site
12%
Colorado Curecanti National Recreation Area
12%
Pennsylvania Edgar Allan Poe National Historic Site
12%
New Mexico El Malpais National Monument
12%
Colorado Florissant Fossil Beds National Monument
12%
California Fort Point National Historic Site
12%
Washington, D.C. Fort Washington Park Other Parks
12%
Indiana George Rogers Clark National Historical Park
12%
North Carolina Guilford Courthouse National Military Park
12%
Arizona Hubbell Trading Post National Historic Site
12%
Ohio James A. Garfield National Historic Site
12%
Pennsylvania Johnstown Flood National Memorial
12%
New Jersey Morristown National Historical Park
12%
Utah Natural Bridges National Monument
12%
South Carolina Ninety Six National Historic Site
12%
Virginia Prince William Forest Park Other Parks
12%
Arizona Tonto National Monument
12%
Mississippi Tupelo National Battlefield
12%
New York, Pennsylvania Upper Delaware National Wild and Scenic River
12%
Guam War in the Pacific National Historical Park
12%
Texas Amistad National Recreation Area
10%
Alaska Aniakchak National Monument | National Preserve
10%
Arkansas Arkansas Post National Memorial
10%
Virginia Arlington House, The Robert E. Lee Memorial National Memorial
10%
New Mexico Capulin Volcano National Monument
10%
North Carolina Carl Sandburg Home National Historic Site
10%
Washington, D.C. Carter G. Woodson Home National Historic Site
10%
Georgia Cumberland Island National Seashore
10%
New Mexico El Morro National Monument
10%
New York Federal Hall National Memorial
10%
Arizona Fort Bowie National Historic Site
10%
Florida Fort Caroline National Memorial
10%
Kansas Fort Larned National Historic Site
10%
North Carolina Fort Raleigh National Historic Site
10%
Alabama Freedom Riders National Monument
10%
New Mexico Gila Cliff Dwellings National Monument
10%
Michigan Keweenaw National Historical Park
10%
Massachusetts Longfellow House–Washington's Headquarters National Historic Site
10%
Vermont Marsh-Billings-Rockefeller National Historical Park
10%
Washington, D.C. Mary McLeod Bethune Council House National Historic Site
10%
Mississippi Medgar and Myrlie Evers Home National Monument
10%
Pennsylvania, New Jersey Middle Delaware National Wild and Scenic River
10%
Kansas Nicodemus National Historic Site
10%
Nebraska Niobrara National Wild and Scenic River
10%
Georgia Ocmulgee Mounds National Historical Park
10%
Arkansas Pea Ridge National Military Park
10%
California Port Chicago Naval Magazine National Memorial
10%
Alabama Russell Cave National Monument
10%
Massachusetts Springfield Armory National Historic Site
10%
Kansas Tallgrass Prairie National Preserve
10%
Florida Timucuan National Preserve
10%
New Mexico Valles Caldera National Preserve
10%
New York Vanderbilt Mansion National Historic Site
10%
Connecticut Weir Farm National Historical Park
10%
Washington Whitman Mission National Historic Site
10%
Virginia Wolf Trap National Park for the Performing Arts
10%
New York Women's Rights National Historical Park
10%
Texas Alibates Flint Quarries National Monument
8%
Pennsylvania Allegheny Portage Railroad National Historic Site
8%
Washington, D.C. Belmont-Paul Women's Equality National Monument
8%
Virgin Islands Buck Island Reef National Monument
8%
Kentucky Camp Nelson National Monument
8%
New York Castle Clinton National Monument
8%
South Carolina Charles Pinckney National Historic Site
8%
Virgin Islands Christiansted National Historic Site
8%
Ohio Dayton Aviation Heritage National Historical Park
8%
Washington Ebey's Landing National Reserve
8%
Illinois, Mississippi Emmett Till and Mamie Till Mobley National Monument
8%
Georgia Fort Frederica National Monument
8%
Wyoming Fossil Butte National Monument
8%
Pennsylvania Friendship Hill National Historic Site
8%
New York General Grant National Memorial
8%
New York Governors Island National Monument
8%
Montana Grant-Kohrs Ranch National Historic Site
8%
New Jersey Great Egg Harbor National Wild and Scenic River
8%
Arizona Hohokam Pima National Monument
8%
Hawaii Honouliuli National Historic Site
8%
Pennsylvania Hopewell Furnace National Historic Site
8%
Alabama Horseshoe Bend National Military Park
8%
Hawaii Kalaupapa National Historical Park
8%
Hawaii Kaloko-Honokōhau National Historical Park
8%
Georgia Kennesaw Mountain National Battlefield Park
8%
Alabama Little River Canyon National Preserve
8%
North Carolina Moores Creek National Battlefield
8%
Alaska Noatak National Preserve
8%
New Jersey Paterson Great Falls National Historical Park
8%
Washington, D.C. Pennsylvania Avenue National Historic Site
8%
Ohio Perry's Victory and International Peace Memorial National Memorial
8%
Louisiana Poverty Point National Monument
8%
Hawaii Puʻukoholā Heiau National Historic Site
8%
New York Sagamore Hill National Historic Site
8%
Maine Saint Croix Island International Historic Site
8%
New Hampshire Saint-Gaudens National Historical Park
8%
New Mexico Salinas Pueblo Missions National Monument
8%
Tennessee Stones River National Battlefield
8%
Nevada Tule Springs Fossil Beds National Monument
8%
Alabama Tuskegee Institute National Historic Site
8%
Alaska Yukon–Charley Rivers National Preserve
8%
Alaska Alagnak Wild River National Wild and Scenic River
6%
Montana Big Hole National Battlefield
6%
Rhode Island, Massachusetts Blackstone River Valley National Historical Park
6%
Mississippi Brices Cross Roads National Battlefield Site
6%
Louisiana Cane River Creole National Historical Park
6%
Alaska Cape Krusenstern National Monument
6%
Virginia Cedar Creek and Belle Grove National Historical Park
6%
Texas Chamizal National Memorial
6%
Ohio Charles Young Buffalo Soldiers National Monument
6%
Washington, D.C. Constitution Gardens Other Parks
6%
Massachusetts Frederick Law Olmsted National Historic Site
6%
New York Hamilton Grange National Memorial
6%
Ohio Hopewell Culture National Historical Park
6%
Washington, D.C. Lyndon Baines Johnson Memorial Grove on the Potomac National Memorial
6%
Virginia Maggie L. Walker National Historic Site
6%
Kentucky Mill Springs Battlefield National Monument
6%
Washington, D.C., Maryland National Capital Parks East Other Parks
6%
Tennessee Obed National Wild and Scenic River
6%
New Mexico Petroglyph National Monument
6%
Hawaii Puʻuhonua o Hōnaunau National Historical Park
6%
Michigan River Raisin National Battlefield Park
6%
New York Saint Paul's Church National Historic Site
6%
Virgin Islands Salt River Bay National Historical Park and Ecological Preserve
6%
Missouri Ste. Genevieve National Historical Park
6%
Pennsylvania Thaddeus Kosciuszko National Memorial
6%
Virgin Islands Virgin Islands Coral Reef National Monument
6%
Missouri Wilson's Creek National Battlefield
6%
Kentucky, Tennessee Big South Fork National River
4%
Texas Lake Meredith National Recreation Area
4%
Illinois New Philadelphia National Historic Site
4%
Texas Palo Alto Battlefield National Historical Park
4%
Virginia, Maryland, Washington, D.C., Pennsylvania Potomac Heritage Trail National Trail
4%
South Carolina Reconstruction Era National Historical Park
4%
No matching quizzes found
Score Distribution
Percent of People with Each Score
Percentile by Number Answered
Your Score History
You have not taken this quiz